000 00733nam a22001937a 4500
003 BUBTL
008 190302b xxu||||| |||| 00| 0 eng d
020 _a984-18-0180-9
082 _a891.443 CHD
100 _92158
_aচট্টোপাধ্যায়, বঙ্কিমচন্দ্র
245 _aদুর্গেশনন্দিনী /
_cবঙ্কিমচন্দ্র চট্টোপাধ্যায়
250 _a2nd ed.
260 _aঢাকা :
_bবিশসাহিত্য কেন্দ্র,
_cc2011.
300 _a136 p. :
_c22 cm.
650 0 _91689
_aবাংলা সাহিত্য
856 _k0
_l0
_yDownload
942 _2ddc
_cBK
999 _c5882
_d5882